Statistics for Famous People from Vermont

Click here to take the quiz!

General Stats

  • This quiz has been taken 659 times
  • The average score is 6 of 12

Answer Stats

ClueHometownVermonter% Correct
Only socialist member of the U.S. SenateBurlingtonBernie Sanders
74%
Mormon leader who founded Salt Lake CityWhitinghamBrigham Young
71%
Steel plow inventor who founded a tractor companyRuthlandJohn Deere
71%
Founder of MormonismSharonJoseph Smith
70%
Poet who took the road less traveledRiptonRobert Frost
57%
Taciturn early 20th-century PresidentPlymouth NotchCalvin Coolidge
56%
Leader of the Green Mountain BoysBurlingtonEthan Allen
47%
Her story inspired "The Sound of Music"; Late in life,
she settled in Vermont
StoweMaria von Trapp
46%
He famously debated Abraham Lincoln in 1858BrandonStephen A. Douglas
44%
Doctor, governor, and 2004 Presidential candidateShelburneHoward Dean
38%
"Saturday Evening Post" illustratorArlingtonNorman Rockwell
34%
Phish frontmanBurlingtonTrey Anastasio
13%

Score Distribution

Percentile by Number Answered

Percent of People with Each Score

Your Score History

You have not taken this quiz